| 000 | 01012nam a22003137a 4500 | ||
|---|---|---|---|
| 001 | BR0204556 | ||
| 003 | BR-BrBNA | ||
| 005 | 20230928101149.0 | ||
| 007 | ta | ||
| 008 | 230509b bl.||||| |||| 00| 0 por d | ||
| 040 |
_aBR-BrBNA _bpor _cBiblioteca Nacional de Agricultura |
||
| 041 | _a(Por) | ||
| 072 | _aP01; E50; E14 | ||
| 090 | _ P01 BR0204556 | ||
| 110 | 1 | _aBanco do Nordeste do Brasil S.A., Fortaleza, CE (Brasil) | |
| 245 | 1 | _aRádio nordeste apresenta: v. 1 o meio ambiente e o produtor rural; v. 2 o produtor rural e o desenvolvimento sustentável; v. 3 turismo e desenvolvimento sustentável; v. 4 turismo, um bom negócio | |
| 260 | 3 |
_aFortaleza, CE (Brasil): _c2001-2002. |
|
| 300 | _av. 1-4 | ||
| 650 | _aMEIO AMBIENTE | ||
| 650 | _aDESENVOLVIMENTO SUSTENTÁVEL | ||
| 650 | _aPRODUTOR | ||
| 650 | _aTURISMO | ||
| 650 | _aHISTÓRIA | ||
| 650 | _aRESÍDUO | ||
| 650 | _aRECICLAGEM | ||
| 650 | _aPRESERVAÇÃO DA NATUREZA | ||
| 909 |
_a202309 _bLucia _c55 _dLucia Elande |
||
| 942 | _cBK | ||
| 999 |
_c64540 _d64540 |
||